A communicative grammar of english
Uloženo v:
| Hlavní autoři: | , |
|---|---|
| Médium: | Kniha |
| Jazyk: | angličtina |
| Vydáno: |
Londres
Longman
1994
|
| Vydání: | 2a. ed |
| Témata: | |
| Tagy: |
Přidat tag
Žádné tagy, Buďte první, kdo vytvoří štítek k tomuto záznamu!
|
MARC
| LEADER | 00000nam a2200000 a 4500 | ||
|---|---|---|---|
| 001 | UCT4299 | ||
| 003 | CL-VaPUC | ||
| 008 | 961108e19940000UK |||||||||||||||||eng|d | ||
| 082 | 0 | 4 | |a 425 |b LEE |2 21 |
| 100 | |a Leech, Geoffrey N |e author |9 464882 | ||
| 700 | 0 | |a Svartvik, Jan |e author |9 373564 | |
| 245 | 1 | 2 | |a A communicative grammar of english |
| 250 | |a 2a. ed | ||
| 300 | |a 423 p | ||
| 942 | |c BK | ||
| 945 | |d 19961108 00:00:00 |a nastorga | ||
| 260 | |a Londres |b Longman |c 1994 | ||
| 650 | 0 | |a Gramática |9 270497 | |
| 650 | 0 | |a Fonética |9 308371 | |
| 650 | 0 | |a Morfología |9 334440 | |
| 650 | 0 | |a Inglés |9 260023 | |
| 583 | |a last modification |c 19961108 00:00:00 |k Rodrigo Vera | ||
| 999 | |c 253705 |d 253703 | ||
| 952 | |0 0 |1 0 |4 0 |6 425_000000000000000_LEE_1994 |7 0 |8 A |9 274750 |a BIBEDU |b BIBEDU |d 2019-11-19 |i 3250245 |o 425 LEE 1994 |p 3250245 |r 2019-11-19 |w 2019-11-19 |y BK |k LIT | ||